[Event "4th G. Agzamov Mem"]
[Site "Tashkent UZB"]
[Date "2010.03.28"]
[Round "6"]
[White "Karimov,I"]
[Black "Filippov,An UZB"]
[Result "0-1"]
[WhiteElo "2340"]
[BlackElo "2598"]

1.Nf3 d5 2.g3 Bg4 3.Bg2 Nd7 4.c4 e6 5.b3 Ngf6 6.O-O c6 7.Bb2 h6 8.d4 Be7
9.Nbd2 O-O 10.Re1 a5 11.a3 Qb8 12.c5 Qc7 13.b4 b6 14.e4 dxe4 15.Nxe4 Nxe4
16.Rxe4 Nf6 17.Re2 axb4 18.axb4 Nd5 19.Rb1 b5 20.Qe1 Ra4 21.Bc1 Bf6 22.Be3 Bf5
23.Rbb2 Rfa8 24.Qd2 Ra1+ 25.Re1 R8a3 26.Rxa1 Rxa1+ 27.Ne1 Qa7 28.Bxd5 exd5
29.Kg2 Qa3 30.Nf3 Be4 31.h4 h5 32.Qe2 Qc3 33.Qd2 Qc4 34.Qe2 Kh7 35.Qxc4 dxc4
36.Re2 Ra3 37.Re1 Bd5  0-1

[Event "4th G. Agzamov Mem"]
[Site "Tashkent UZB"]
[Date "2010.03.29"]
[Round "7"]
[White "Vakhidov,T"]
[Black "Gubaydulin,T"]
[Result "1-0"]
[WhiteElo "2516"]
[BlackElo "2273"]

1.Nf3 d5 2.g3 Bg4 3.Bg2 Nd7 4.d4 Ngf6 5.O-O e6 6.Nbd2 Be7 7.Re1 c6 8.c3 h6
9.e4 dxe4 10.Nxe4 Nxe4 11.Rxe4 Bf5 12.Re1 O-O 13.h3 Re8 14.Bf4 Nf8 15.a4 Qb6
16.b3 a5 17.Ne5 Qd8 18.Nc4 Bh7 19.h4 Ng6 20.Bc1 Bf8 21.Be4 Ne7 22.Bxh7+ Kxh7
23.Ne5 Kg8 24.Qh5 g6 25.Qf3 f5 26.Ba3 Kg7 27.c4 Ng8 28.Bxf8+ Rxf8 29.Nd3 Rf6
30.Rad1 Qd6 31.Nf4 Re8 32.Re5 h5 33.Rde1 Re7 34.Qc3 Kf7 35.Rxa5 Nh6 36.Rae5 Ng4
37.f3  1-0

[Event "33rd Open"]
[Site "Donostia ESP"]
[Date "2010.03.30"]
[Round "3"]
[White "Movsziszian,K"]
[Black "Jakobsen,Ol"]
[Result "1-0"]
[WhiteElo "2530"]
[BlackElo "2332"]

1.g3 d5 2.Nf3 g6 3.Bg2 Bg7 4.d4 c6 5.O-O Nf6 6.c4 O-O 7.Qb3 Qb6 8.Nc3 dxc4
9.Qxc4 Be6 10.Qd3 Rd8 11.e4 Qa6 12.Qc2 Nbd7 13.h3 b5 14.b3 Nb6 15.Be3 b4
16.Nd1 Rac8 17.Nb2 h6 18.Ne5 Nbd7 19.Ned3 Qb5 20.Rac1 a5 21.Na4 Ne8 22.Rfd1 Nf8
23.Ndc5 Qb8 24.f4 Nd6 25.g4 Nb5 26.Qf2 Bd7 27.f5 Be8 28.e5 g5 29.Ne4 f6 30.e6 Nc7
31.Rc5 Rd5 32.Rdc1 Qa7 33.Nd2 Rxc5 34.Rxc5 Qa6 35.Nc4 Nb5 36.Qf1 Rd8 37.Ncb6 Qa7
38.d5 cxd5 39.Nxd5  1-0

[Event "ch-DEN"]
[Site "Hillerod DEN"]
[Date "2010.03.30"]
[Round "4"]
[White "Schandorff,L"]
[Black "Fries Nielsen,JO"]
[Result "1-0"]
[WhiteElo "2498"]
[BlackElo "2435"]

1.Nf3 d5 2.g3 Nc6 3.d4 Bf5 4.Bg2 Nb4 5.Na3 e6 6.O-O c6 7.c3 Na6 8.Nb1 Be7
9.Bf4 g5 10.Bc1 h5 11.Qb3 Rb8 12.Nbd2 h4 13.Re1 hxg3 14.hxg3 Bh3 15.e4 Bxg2
16.Kxg2 Nc7 17.c4 g4 18.Ne5 dxc4 19.Qxc4 Nf6 20.a4 Kf8 21.Nb3 Nce8 22.Nc5 Bxc5
23.dxc5 Rc8 24.Bf4 Qe7 25.Qc3 Kg8 26.Qe3 Rh5 27.Rh1 Ng7 28.Bg5  1-0

[Event "Doeberl Cup"]
[Site "Canberra AUS"]
[Date "2010.04.01"]
[Round "1"]
[White "Ikeda,J"]
[Black "Wyss,F"]
[Result "0-1"]
[WhiteElo "2302"]
[BlackElo "1974"]

1.Nf3 d5 2.g3 c5 3.Bg2 Nc6 4.d3 e5 5.O-O Nf6 6.Nbd2 Be7 7.e4 d4 8.Ne1 O-O
9.h3 Bd7 10.f4 exf4 11.gxf4 g6 12.Ndf3 Nh5 13.Qd2 Kh8 14.b4 Nxb4 15.c3 dxc3
16.Qxc3+ Bf6 17.e5 Be7 18.Ng5 Bc6 19.Ne4 Qd4+ 20.Qxd4 cxd4 21.Bb2 Nd5 22.f5 Nhf4
23.f6 Bd8 24.Rf2 Bb6 25.Bf1 Rae8 26.Ba3 Kg8 27.Bxf8 Kxf8 28.Nf3 Nb4 29.Nfg5 Nfxd3
30.Bxd3 Nxd3 31.e6 Nxf2 32.Nxh7+ Kg8 33.exf7+ Kxf7 34.Neg5+ Kg8 35.f7+ Kg7
36.fxe8=Q Bxe8 37.Kxf2 d3+ 38.Kg3 Ba4 39.Rf1 d2 40.Rf7+ Kh6 41.Nf6 d1=Q 42.Ng4+ Kh5
43.Nf3 Bc7+ 44.Kf2 Qc2+ 45.Ke3 Qc5+ 46.Nd4 g5 47.Rh7+ Kg6 48.Rh6+ Kg7 49.Kd3 Qa3+
50.Ke4 Bd7 51.Rh5 Bf4 52.Nf5+ Bxf5+ 53.Kxf5 Qd3+  0-1

[Event "33rd Open"]
[Site "Donostia ESP"]
[Date "2010.04.01"]
[Round "5"]
[White "Movsziszian,K"]
[Black "Nava Pereda,C"]
[Result "1-0"]
[WhiteElo "2530"]
[BlackElo "2254"]

1.g3 d5 2.Nf3 c5 3.Bg2 Nc6 4.O-O e5 5.d3 Be7 6.Nbd2 Nf6 7.e4 dxe4 8.dxe4 O-O
9.c3 b5 10.Qe2 Rb8 11.Rd1 Bd7 12.Nf1 b4 13.Bg5 bxc3 14.bxc3 Ng4 15.Bxe7 Qxe7
16.h3 Nf6 17.Ne3 Be6 18.Nd5 Qb7 19.Rd2 Nd7 20.Rad1 h6 21.Nh4 g6 22.Ne3 Nb6
23.Rd6 Rfe8 24.Ng4 Kg7 25.Nf5+ Bxf5 26.exf5 e4 27.f6+  1-0

[Event "22nd Kreuz-Open"]
[Site "Lenk SUI"]
[Date "2010.04.01"]
[Round "1"]
[White "Meyer,B"]
[Black "Chivaux,S"]
[Result "1-0"]
[WhiteElo "2140"]
[BlackElo "1780"]

1.g3 d5 2.Nf3 e6 3.Bg2 Nf6 4.O-O c5 5.c4 Nc6 6.b3 Be7 7.Bb2 d4 8.e3 e5 9.exd4 exd4
10.Na3 O-O 11.Nc2 Qc7 12.d3 Bg4 13.h3 Bd7 14.b4 b6 15.b5 Na5 16.Bc1 Rad8
17.Bf4 Bd6 18.Bg5 Be7 19.Re1 Be6 20.Nd2 Nb7 21.Qf3 Nd6 22.a4 Qc8 23.a5 Rd7
24.axb6 axb6 25.Ra6 Qc7 26.Bf4 Rb8 27.g4 Qc8 28.Qg3 Nfe8 29.Nf3 Rc7 30.Ne5 Bd7
31.Rea1 Qd8 32.Bd5 Nf6 33.Nxf7 Nxf7 34.Bxf7+ Kxf7 35.Bxc7 Qc8 36.Bxb8 h5
37.g5 Ng8 38.Ra7 Bxh3 39.g6+ Ke8 40.Bd6 Bd7 41.Qe5  1-0

[Event "XXXVII Open"]
[Site "La Roda Albacete ESP"]
[Date "2010.04.02"]
[Round "5"]
[White "Paunovic,D"]
[Black "Llorente Zaro,A"]
[Result "1-0"]
[WhiteElo "2551"]
[BlackElo "2456"]

1.Nf3 d5 2.g3 Nf6 3.Bg2 g6 4.O-O Bg7 5.c4 O-O 6.cxd5 Nxd5 7.Nc3 Nb6 8.d3 Nc6
9.h3 e5 10.Bg5 f6 11.Be3 f5 12.a4 a5 13.Nb5 Kh8 14.Qb3 Nd5 15.Bg5 Nf6 16.Rac1 Qe7
17.Nd2 Be6 18.Qa3 Qf7 19.Bxf6 Bxf6 20.Bxc6 bxc6 21.Rxc6 Rac8 22.Rfc1 f4 23.Rxc7 fxg3
24.Rxf7 Rxc1+ 25.Kg2 Rxf7 26.Qd6 Bd7 27.Kxg3 Bc6 28.Ne4 Bxe4 29.dxe4 Kg7
30.Kg2 Rc2 31.Qd3 Rxb2 32.Nd6 Re7 33.Nc4 Rb4 34.Nxa5 Rxa4 35.Nc6 Raa7 36.Nxa7 Rxa7
37.Qd5 Re7 38.Kg3 Re8 39.h4 Re7 40.e3 Re8 41.f4 Re7 42.Kg4 h5+ 43.Kg3 Re8
44.f5 g5 45.hxg5 Bxg5 46.Qc6 Rg8 47.Qg6+ Kf8 48.Qxh5 Bf6+ 49.Kf2 Rh8 50.Qd1 Rh2+
51.Kg3 Rh6 52.Qd7 Bh4+ 53.Kf3 Be7 54.Qc8+ Kf7 55.Qc7 Rd6 56.Qc5 Kf6 57.Qb5 Bf8
58.Qe8 Bh6 59.Kg4  1-0

[Event "22nd Kreuz-Open"]
[Site "Lenk SUI"]
[Date "2010.04.02"]
[Round "3"]
[White "Belezky,A"]
[Black "Bucher,M"]
[Result "1/2-1/2"]
[WhiteElo "2452"]
[BlackElo "2252"]

1.Nf3 d5 2.g3 Nf6 3.Bg2 c6 4.b3 Bg4 5.Bb2 Nbd7 6.d3 e6 7.Nbd2 Bc5 8.O-O O-O
9.c4 Bh5 10.a3 a5 11.Ra2 Re8 12.Qa1 h6 13.d4 Be7 14.Re1 Bg6 15.Bc3 Ne4 16.Nxe4 Bxe4
17.c5  1/2-1/2

[Event "22nd Kreuz-Open"]
[Site "Lenk SUI"]
[Date "2010.04.02"]
[Round "3"]
[White "Meyer,B"]
[Black "Hajnal,Z"]
[Result "1/2-1/2"]
[WhiteElo "2140"]
[BlackElo "2404"]

1.g3 d5 2.Nf3 Nf6 3.Bg2 Bf5 4.O-O e6 5.d3 Be7 6.b3 O-O 7.Bb2 h6 8.e3 a5 9.a4 Na6
10.Qe2 c6 11.Kh1 Bh7 12.Ne5 Nb4 13.f4 Nd7 14.Ng4 Re8 15.Na3 Rb8 16.Rad1 b5
17.axb5 cxb5 18.e4 Nf6 19.Ne5 Qc7 20.g4 Nd7  1/2-1/2

[Event "Doeberl Cup"]
[Site "Canberra AUS"]
[Date "2010.04.03"]
[Round "5"]
[White "Teichmann,E"]
[Black "Solomon,SJ"]
[Result "0-1"]
[WhiteElo "2327"]
[BlackElo "2430"]

1.Nf3 d5 2.g3 c6 3.Bg2 Bg4 4.O-O Nd7 5.d3 e6 6.Nbd2 Ngf6 7.h3 Bh5 8.e4 Bc5
9.Qe2 O-O 10.Re1 e5 11.Nf1 Re8 12.Bg5 Qb6 13.c3 dxe4 14.dxe4 Nxe4 15.Qxe4 Bxf2+
16.Kh1 Bxe1 17.Qxe1 Qxb2 18.Be3 Nb6 19.g4 Bg6 20.Nh4 Bd3 21.Ng3 Rad8 22.a4 Nd5
23.Bxa7 Nxc3 24.Qg1 Bb1  0-1

[Event "XXXVII Open"]
[Site "La Roda Albacete ESP"]
[Date "2010.04.03"]
[Round "6"]
[White "Granero Roca,A"]
[Black "Cruz Lledo,P"]
[Result "0-1"]
[WhiteElo "2447"]
[BlackElo "2232"]

1.Nf3 d5 2.g3 Nf6 3.Bg2 e6 4.d4 Be7 5.c4 dxc4 6.O-O c5 7.Nc3 Nc6 8.Ne5 Nxd4
9.e3 Nf5 10.Qa4+ Nd7 11.Rd1 Nd6 12.Nxc4 Nxc4 13.Qxc4 O-O 14.b3 Bf6 15.Bb2 Qe7
16.Rac1 Rb8 17.Ba3 b6 18.Qa4 Bxc3 19.Rxc3 b5 20.Qxa7 b4 21.Rcd3 bxa3 22.Bc6 Qf6
23.Bxd7 Bb7 24.Qxc5 Be4 25.Rd4 Qf3 26.Rxe4 Qxd1+  0-1

[Event "LVI Abierto Mexicano"]
[Site "Monterrey MEX"]
[Date "2010.04.04"]
[Round "9"]
[White "Gonzalez Garcia,J2"]
[Black "Estrada Nieto,J"]
[Result "1-0"]
[WhiteElo "2512"]
[BlackElo "2299"]

1.Nf3 d5 2.g3 Nf6 3.Bg2 Bg4 4.c4 c6 5.Ne5 Be6 6.cxd5 Bxd5 7.Nf3 c5 8.Nc3 Bc6
9.O-O e6 10.d4 cxd4 11.Nxd4 Bxg2 12.Kxg2 Nbd7 13.Qb3 Nc5 14.Qb5+ Nfd7 15.e4 a6
16.Qe2 e5 17.Nc2 Be7 18.Be3 Nf6 19.Rfd1 Qc8 20.f3 O-O 21.Nb4 Ne6 22.Nbd5 Nxd5
23.Nxd5 Qe8 24.Rac1 Bd8 25.Rc2 f5 26.exf5 Rxf5 27.Nc3 Qg6 28.Qc4 Qf7 29.Qe4 Bg5
30.Nd5 Rf8 31.Bxg5 Rxg5 32.Rdc1 Qd7 33.Rc8 Rxc8 34.Rxc8+ Nf8 35.Qc4 Kf7 36.Nb6+  1-0

[Event "12th Open"]
[Site "Dubai UAE"]
[Date "2010.04.05"]
[Round "1"]
[White "Umudova,N"]
[Black "Negi,P"]
[Result "0-1"]
[WhiteElo "2211"]
[BlackElo "2634"]

1.Nf3 d5 2.g3 g6 3.Bg2 Bg7 4.O-O e5 5.d3 Ne7 6.e4 O-O 7.Re1 Nbc6 8.Nc3 d4
9.Nd5 h6 10.c4 dxc3 11.bxc3 Nxd5 12.exd5 Ne7 13.Nxe5 Nxd5 14.Qb3 c6 15.Bb2 Qb6
16.d4 Bf5 17.Be4 Bh3 18.c4 Nf6 19.Bf3 Rfd8 20.Rad1 Nd7 21.d5 Nc5 22.Qa3 cxd5
23.cxd5 Rac8 24.Bd4 Qd6 25.Nc4 Qf8 26.Bxg7 Qxg7 27.Re7 Qf6 28.Rde1 Rd7 29.R7e3 h5
30.Re8+ Rxe8 31.Rxe8+ Kg7 32.Qe3 Rd8 33.Re7 b5 34.Na5 Ne6 35.Rxe6 fxe6 36.Qxa7+ Kh8  0-1

[Event "Open"]
[Site "Thessaloniki GRE"]
[Date "2010.04.06"]
[Round "3"]
[White "Poley,V"]
[Black "Skoulakis,C"]
[Result "1-0"]
[WhiteElo "2328"]
[BlackElo "2111"]

1.Nf3 d5 2.g3 Nf6 3.Bg2 Bg4 4.Ne5 Bf5 5.c4 e6 6.Qb3 Nc6 7.Nxc6 bxc6 8.Qb7 Rb8
9.Qxc6+ Qd7 10.cxd5 exd5 11.Qxd7+ Kxd7 12.b3 c6 13.Bb2 Bd6 14.Nc3 h5 15.Na4 h4
16.O-O Rbe8 17.e3 hxg3 18.fxg3 Bd3 19.Rf2 Bg6 20.Bxf6 gxf6 21.Raf1 Rh7 22.Bf3 Re5
23.Bg4+ Ke7 24.Bf5 c5 25.Bxg6 fxg6 26.Rxf6 d4 27.Nb2 dxe3 28.dxe3 Reh5 29.R6f2 Bxg3
30.hxg3 Rh1+ 31.Kg2 R7h2+ 32.Kf3 Rxf1 33.Rxf1 Rxb2 34.Rf2 Rb1 35.Rc2 Kd6
36.Rc4 Rf1+ 37.Kg4 Re1 38.Kf4 Rf1+ 39.Kg5 Rf3 40.g4 Rxe3 41.Kxg6 Kc6 42.g5 Kb5
43.Kf5 Re2 44.g6 Rf2+ 45.Rf4 Rg2 46.Rg4 Rf2+ 47.Kg5  1-0

[Event "12th Open"]
[Site "Dubai UAE"]
[Date "2010.04.08"]
[Round "4"]
[White "Foisor,C"]
[Black "Saeed,I"]
[Result "1/2-1/2"]
[WhiteElo "2433"]
[BlackElo "2217"]

1.Nf3 d5 2.g3 Nf6 3.Bg2 c6 4.d3 Bg4 5.Nbd2 Nbd7 6.h3 Bxf3 7.Nxf3 e5 8.O-O Bc5
9.c3 Bb6 10.Nh4 O-O 11.Nf5 g6 12.Nh6+ Kg7 13.Bg5 Qc7 14.Qd2 Ng8 15.Nxg8 Kxg8
16.h4 Rfe8 17.e4 d4 18.Bh3 Qd6 19.c4 Bd8 20.b4 b6 21.Kg2 a5 22.c5 bxc5 23.Bxd7 Qxd7
24.Bxd8 Qxd8 25.bxc5 Qe7 26.Rac1 Reb8 27.f4 exf4 28.Rxf4 Rb5 29.Qf2 Rd8 30.Rf6 Qb7
31.Rc2 a4 32.e5 a3 33.e6 fxe6 34.Rxe6 Rb2 35.Rce2 Qd7 36.Rd6 Qc7 37.Rde6 Qf7
38.Qxf7+ Kxf7 39.Re7+ Kf6 40.Rxb2 axb2 41.Rb7 Rd5 42.Rxb2  1/2-1/2

[Event "Open"]
[Site "Thessaloniki GRE"]
[Date "2010.04.08"]
[Round "5"]
[White "Velikov,P"]
[Black "Skoulakis,C"]
[Result "1-0"]
[WhiteElo "2425"]
[BlackElo "2111"]

1.Nf3 d5 2.g3 Nf6 3.Bg2 c6 4.O-O Bf5 5.d3 e6 6.c4 Bd6 7.cxd5 exd5 8.Nc3 O-O
9.Nd4 Bg6 10.e4 Be5 11.Nde2 dxe4 12.dxe4 Qe7 13.f3 Na6 14.Be3 Rfd8 15.Qb3 Rd3
16.Bf2 Rad8 17.Rad1 Bh5 18.Rxd3 Rxd3 19.Nd5 cxd5 20.Qxd3 Nb4 21.Qd2 dxe4
22.fxe4 Ng4 23.Bxa7 Nc6 24.Bb6 Nxh2 25.Kxh2 Bxe2 26.Qxe2 Qh4+ 27.Kg1 Qxg3
28.Rd1 Qh2+ 29.Kf1 Qf4+ 30.Qf3 Qh6 31.Be3  1-0

[Event "Open"]
[Site "Thessaloniki GRE"]
[Date "2010.04.09"]
[Round "7"]
[White "Tausanov,M"]
[Black "Kanakaris,G"]
[Result "0-1"]
[WhiteElo "1972"]
[BlackElo "2327"]

1.Nf3 d5 2.g3 Nf6 3.Bg2 c5 4.O-O Nc6 5.d4 Bf5 6.b3 e6 7.Bb2 h6 8.e3 Be7 9.Nbd2 Nb4
10.Ne1 Rc8 11.a3 Nc6 12.Ndf3 Qb6 13.dxc5 Bxc5 14.Nd3 Be7 15.a4 O-O 16.a5 Nxa5
17.Bd4 Qc7 18.Nfe5 a6 19.Qd2 Nc6 20.Nxc6 Qxc6 21.c4 Be4 22.Rfc1 Bxg2 23.Kxg2 dxc4+
24.Kg1 Ne4 25.Qe2  0-1

[Event "Bundesliga 2009-10"]
[Site "Baden-Baden GER"]
[Date "2010.04.10"]
[Round "14"]
[White "Hausrath,D"]
[Black "Gustafsson,J"]
[Result "1/2-1/2"]
[WhiteElo "2528"]
[BlackElo "2622"]

1.Nf3 d5 2.g3 Nf6 3.Bg2 e6 4.O-O Be7 5.d3 b6 6.e4 dxe4 7.Ng5 Bb7 8.Nc3 O-O
9.Ngxe4 Nd5 10.Nxd5 exd5 11.Nc3 c6 12.Re1 Nd7 13.d4 Re8 14.h4 Nf8 15.Be3 Bd6
16.Qd2 Qc7 17.Ne2 Ne6 18.Nf4 Nxf4 19.Bxf4 Bxf4 20.Qxf4 Qxf4 21.gxf4 Rxe1+
22.Rxe1 Kf8 23.Re3 Rd8 24.b4 a6  1/2-1/2

[Event "Bundesliga 2009-10"]
[Site "Erfurt GER"]
[Date "2010.04.10"]
[Round "14"]
[White "Markos,J"]
[Black "Haba,P"]
[Result "1/2-1/2"]
[WhiteElo "2565"]
[BlackElo "2541"]

1.Nf3 d5 2.g3 Nf6 3.Bg2 c6 4.O-O Bf5 5.c4 dxc4 6.Na3 e5 7.Nxc4 e4 8.Ng5 h6
9.Nxf7 Kxf7 10.Qb3 Kg6 11.Ne5+ Kh7 12.Qxb7 Nbd7 13.Nf7 Qe8 14.Nxh8 Kxh8 15.Qxc6 Rc8
16.Qa4 Qh5 17.d3 exd3 18.exd3 Ne5 19.Qd1 Qxd1 20.Rxd1 Bg4 21.Be3 Bxd1 22.Rxd1 Rc2
23.Bxa7 Ned7 24.a4 Bc5 25.Bxc5 Nxc5 26.a5 Rxb2 27.d4 Nb3 28.a6 Ra2 29.Bb7 Ra4
30.Rd3 Nxd4 31.Rxd4 Rxd4 32.a7 Ra4 33.a8=R+ Rxa8 34.Bxa8 g5 35.f3 Kg7 36.Kf2 Nd7
37.Ke3 Nf6 38.Kd4 Nd7 39.Bc6 Nf6 40.Ke5 Nh7 41.Bd5  1/2-1/2

[Event "Bundesliga 2009-10"]
[Site "Erfurt GER"]
[Date "2010.04.10"]
[Round "14"]
[White "Muse,M"]
[Black "Schenk,An"]
[Result "1/2-1/2"]
[WhiteElo "2448"]
[BlackElo "2509"]

1.Nf3 d5 2.g3 Bg4 3.Bg2 Nd7 4.O-O c6 5.d3 Ngf6 6.c4 dxc4 7.dxc4 e5 8.Nc3 Bc5
9.Qc2 O-O 10.Na4 Be7 11.Be3 Qc7 12.h3 Bh5 13.Nh4 Nb6 14.g4 Nxa4 15.Qxa4 Nxg4
16.hxg4 Bxg4 17.c5 f5 18.Qc4+ Kh8 19.Nf3 Rae8 20.Nh2 Bh5 21.f4 Bf6 22.Nf3 exf4
23.Bxf4 Qe7 24.Rf2 Qe4 25.Qc1 Qb4 26.e3 Rg8 27.a3 Qb3 28.Nd4 Qd3 29.Bf1 Qe4
30.Bg2 Qd3 31.Bf1 Qe4  1/2-1/2

[Event "XXVIII Open A"]
[Site "Metz FRA"]
[Date "2010.04.10"]
[Round "1"]
[White "Bauer,Ch"]
[Black "Ringoir,T"]
[Result "1-0"]
[WhiteElo "2607"]
[BlackElo "2401"]

1.Nf3 d5 2.g3 Nf6 3.Bg2 c6 4.O-O Bf5 5.d3 e6 6.c4 dxc4 7.dxc4 Qxd1 8.Rxd1 Nbd7
9.Nc3 Bb4 10.Bd2 e5 11.Nb5 cxb5 12.Bxb4 bxc4 13.Nd2 Be6 14.Rac1 O-O-O 15.Nxc4 Kb8
16.Bd6+ Ka8 17.Bc7 Rdg8 18.Nd6 e4 19.a4 h5 20.a5 Nb8 21.Nxe4 Nxe4 22.Bxe4 Rc8
23.Rd6 a6 24.Rb6 Nc6 25.Rcxc6  1-0

[Event "12th Open"]
[Site "Dubai UAE"]
[Date "2010.04.11"]
[Round "7"]
[White "AlHuwar,J"]
[Black "Afshari,M"]
[Result "1/2-1/2"]
[WhiteElo "2308"]
[BlackElo "2182"]

1.Nf3 d5 2.g3 c6 3.Bg2 Bg4 4.c4 e6 5.O-O Nd7 6.cxd5 exd5 7.d3 Ngf6 8.Nc3 Be7
9.h3 Bxf3 10.Bxf3 d4 11.Ne4 Nxe4 12.Bxe4 O-O 13.Bd2 a5 14.Qc2 Qb6 15.Bg2 Rfe8
16.e4 dxe3 17.Bxe3 Bc5 18.d4 Bxd4 19.Bxd4 Qxd4 20.Rfd1 Qc5 21.Qb3 Nb6 22.Rac1 Qb4
23.Qxb4 axb4 24.Rd4 Nd5 25.Bxd5 cxd5 26.Rxb4 Re7 27.Rc5 g6 28.a3 Rd8 29.Rd4 Re2
30.b4 Ra2 31.Rcxd5 Rxd5 32.Rxd5 Rxa3 33.Rd7 Rb3 34.Rxb7 g5 35.Kf1 Kg7 36.b5 h5
37.b6 h4 38.gxh4 gxh4 39.Kg2 Kg6 40.Rb8 Kf5 41.b7 Kf4 42.Rh8 Rxb7 43.Rxh4+ Kf5
44.Rg4 Rb3 45.f3 Rb1 46.h4 Rb8 47.Kg3 f6 48.Rf4+ Kg6 49.Kg4 Rb5 50.Rd4 Ra5
51.Rd8 Ra4+ 52.Kg3 Ra5 53.Rg8+ Kh5 54.Kf4 Rb5 55.Rg4 Ra5 56.Kg3 Rb5 57.Rg8 Ra5
58.Rf8 Kg6 59.f4 Kf5 60.h5 Ra3+ 61.Kg2 Ra2+ 62.Kg3 Ra3+  1/2-1/2

[Event "Bundesliga 2009-10"]
[Site "Erfurt GER"]
[Date "2010.04.11"]
[Round "15"]
[White "Troyke,C"]
[Black "Sarbok,T"]
[Result "1/2-1/2"]
[WhiteElo "2350"]
[BlackElo "2319"]

1.g3 d5 2.Nf3 Bg4 3.Bg2 Nd7 4.c4 e6 5.cxd5 exd5 6.Nc3 Ngf6 7.O-O Be7 8.d3 O-O
9.h3 Bxf3 10.Bxf3 c6 11.e4 Ne5 12.exd5 Nxf3+ 13.Qxf3 Nxd5 14.Nxd5 Qxd5 15.Qxd5 cxd5
16.Be3 Bf6 17.Rac1 Rfc8 18.Rxc8+ Rxc8 19.Rc1 Rxc1+ 20.Bxc1 a6  1/2-1/2

[Event "FSGM April"]
[Site "Budapest HUN"]
[Date "2010.04.12"]
[Round "10"]
[White "Gonda,L"]
[Black "Baramidze,D"]
[Result "1/2-1/2"]
[WhiteElo "2482"]
[BlackElo "2528"]

1.Nf3 d5 2.g3 Nf6 3.Bg2 c6 4.O-O Nbd7 5.d3 e5 6.c4 dxc4 7.dxc4 Be7 8.Nc3 O-O
9.Qc2 Re8 10.Ng5 Qc7 11.Rd1 Nc5 12.b3  1/2-1/2

[Event "12th Open"]
[Site "Dubai UAE"]
[Date "2010.04.12"]
[Round "8"]
[White "Harutjunyan,G"]
[Black "Bhagwat,V"]
[Result "1-0"]
[WhiteElo "2476"]
[BlackElo "2214"]

1.Nf3 d5 2.g3 c6 3.Bg2 Bg4 4.d3 Nd7 5.Nbd2 e6 6.O-O Ngf6 7.b3 Bc5 8.Bb2 O-O
9.Qe1 Qe7 10.a3 a5 11.e4 dxe4 12.dxe4 e5 13.h3 Bxf3 14.Nxf3 b5 15.Kh1 Rfe8
16.Nh4 Nf8 17.Nf5 Qc7 18.Qc3 N6d7 19.f4 Ne6 20.Qf3 Bf8 21.Rad1 f6 22.Qg4 Kh8
23.Nh4 Rad8 24.Rd3 a4 25.b4 c5 26.bxc5 Nexc5 27.Rd5 Ne6 28.Qh5 Kg8 29.Bc1 b4
30.axb4 Bxb4 31.Rfd1 a3 32.Rxd7 Rxd7 33.Qxe8+ Nf8 34.Rxd7 Qxd7 35.Qxd7 Nxd7
36.Bf1 Nc5 37.Bc4+  1-0

[Event "LXXX ch-URU"]
[Site "Montevideo URU"]
[Date "2010.04.15"]
[Round "7"]
[White "Michailov,M"]
[Black "Izquierdo,D"]
[Result "0-1"]
[WhiteElo "1993"]
[BlackElo "2276"]

1.Nf3 d5 2.g3 Nf6 3.Bg2 Bf5 4.O-O e6 5.d3 h6 6.Nbd2 Be7 7.b3 Bh7 8.Bb2 O-O
9.Qe1 c5 10.Ne5 Nbd7 11.e4 Nxe5 12.Bxe5 Qa5 13.Qe2 Rad8 14.f4 Rfe8 15.g4 dxe4
16.Nxe4 Nxe4 17.Bxe4 Bxe4 18.Qxe4 Qb4 19.Rfe1 Qxe4 20.Rxe4 Rd7 21.a4 Red8
22.a5 a6 23.Raa4 Rd5 24.Kg2 R8d7 25.Kg3 Bd6 26.h4 Kh7 27.Bc3 Bc7 28.Kf3 h5
29.g5 Kg6 30.Rac4 Rf5 31.Kg3 Rdd5 32.Bd2 e5 33.Kg2 exf4 34.Bxf4 Bxa5 35.Re7 b5
36.Rce4 Rd4 37.Kf3 Bd2 38.Rxd4 cxd4 39.Re4 Bxf4 40.Rxf4 f6 41.gxf6 Kxf6 42.Ke4 Rxf4+
43.Kxf4 b4  0-1

[Event "Open"]
[Site "Bar MNE"]
[Date "2010.04.17"]
[Round "1"]
[White "Drasko,M"]
[Black "Draskovic,L"]
[Result "1-0"]
[WhiteElo "2527"]
[BlackElo "2116"]

1.Nf3 d5 2.g3 c6 3.Bg2 Bg4 4.O-O Nf6 5.d3 Nbd7 6.Qe1 e5 7.e4 dxe4 8.dxe4 Bc5
9.Nbd2 O-O 10.h3 Bxf3 11.Bxf3 Qe7 12.a4 Rfd8 13.Qe2 a5 14.Kg2 Nf8 15.Nc4 N6d7
16.Bd2 b6 17.c3 Ne6 18.h4 f6 19.Bg4 Nc7 20.Rfd1 Rab8 21.Be1 Nf8 22.Rxd8 Rxd8
23.Rd1 Nce6 24.Rd3 Rxd3 25.Qxd3 Qd8 26.Qxd8 Nxd8 27.f4 exf4 28.gxf4 Nb7 29.b4 Bd6
30.Bc8 b5 31.bxa5 bxc4 32.a6 Bb8 33.axb7 Ng6 34.f5 Ne5 35.Bf2 Nd3 36.Bg3 Ne5
37.a5 c5 38.Be6+ Kf8 39.Bf2 Nc6 40.Bxc5+ Ke8 41.a6 Kd8 42.Bd5 Na7 43.Bxc4  1-0

[Event "ch-SRB w"]
[Site "Pancevo SRB"]
[Date "2010.04.22"]
[Round "3"]
[White "Chelushkina,I"]
[Black "Eric,J"]
[Result "0-1"]
[WhiteElo "2319"]
[BlackElo "2183"]

1.Nf3 d5 2.g3 Bg4 3.Bg2 c6 4.h3 Bh5 5.a4 a5 6.c3 Nd7 7.d4 e6 8.Nbd2 Ngf6
9.O-O Bd6 10.c4 O-O 11.Qb3 Bb4 12.Qe3 Re8 13.b3 c5 14.Bb2 cxd4 15.Nxd4 e5
16.Nf5 Bg6 17.g4 d4 18.Qd3 Nc5 19.Qc2 Bxd2 20.Qxd2 Nxb3 21.Qd1 Nxa1 22.Qxa1 h5
23.f4 hxg4 24.fxe5 gxh3 25.exf6 hxg2 26.Rf2 Bxf5 27.Bxd4 Re4 28.Bc3 Qb6 29.fxg7 Rf4  0-1

[Event "Venka & Antonia Ivanova Mem"]
[Site "Sofia BUL"]
[Date "2010.04.22"]
[Round "2"]
[White "Orev,P"]
[Black "Krastev,G"]
[Result "1/2-1/2"]
[WhiteElo "2243"]
[BlackElo "1996"]

1.Nf3 d5 2.g3 Nf6 3.Bg2 Bg4 4.Ne5 e6 5.c4 c6 6.cxd5 exd5 7.O-O Bf5 8.d4 Bd6
9.Nc3 h6 10.Nd3 Nbd7 11.Bf4 Bxf4 12.Nxf4 Qe7 13.Re1 O-O 14.a3 a5 15.Rc1 Nb6
16.Qb3 Qd8 17.e4 dxe4 18.Nxe4 Nxe4 19.Bxe4 Bxe4 20.Rxe4 a4 21.Qb4 Ra6 22.Rce1 g5
23.Nd3 Nd5 24.Qxb7 Rb6 25.Qa7 Rb3 26.Ne5 Rxb2 27.Nd7 Nf6 28.Re7 Nxd7 29.Qxd7 Qxd7
30.Rxd7 Rb3 31.Re3 Rfb8 32.Ra7 g4 33.h3 Rxe3 34.fxe3 Rb1+ 35.Kh2 Rb2+ 36.Kh1 gxh3
37.Rxa4 Kg7 38.Rc4 Rb3 39.e4 Rxg3 40.a4 Rd3 41.Kh2 f6 42.a5 Ra3 43.Rxc6 Rxa5
44.Kxh3 Rg5 45.Ra6 Kf7 46.Kh4 Rg1 47.d5  1/2-1/2

[Event "Venka & Antonia Ivanova Mem"]
[Site "Sofia BUL"]
[Date "2010.04.22"]
[Round "3"]
[White "Radulov,I"]
[Black "Drenchev,P"]
[Result "0-1"]
[WhiteElo "2292"]
[BlackElo "2486"]

1.Nf3 d5 2.g3 Nf6 3.Bg2 e6 4.O-O Be7 5.d4 O-O 6.c4 dxc4 7.Qa4 a6 8.Qxc4 b5
9.Qc2 Bb7 10.Bf4 Nd5 11.Bd2 Nd7 12.Nc3 c5 13.Nxd5 Bxd5 14.dxc5 Nxc5 15.Ng5 g6
16.Bxd5 Qxd5 17.Rfd1 Rac8 18.Be3 Na4 19.Qxc8 Rxc8 20.Rxd5 exd5 21.Rd1 Nxb2
22.Rxd5 Nc4 23.Bd4 Bxg5 24.Rxg5 f5 25.g4 Nd6 26.gxf5 Nxf5 27.Be5 Rc5 28.f4 Rc4
29.Kf2 Ra4 30.Rg1 Rxa2 31.Rc1 b4 32.Rc7 a5 33.Rb7 Kf8 34.Kf3 Ra3+ 35.Ke4 Ne3
36.Bd4 Nf5 37.Be5 Re3+ 38.Kd5 Rxe2 39.Ke6 Ng7+ 40.Kf6 Nh5+ 41.Kg5 Rg2+ 42.Kh6 Rxh2
43.Ra7 b3 44.Rxa5 Kf7 45.f5 Ng3+ 46.Kg5 Rh5+ 47.Kf4 Rxf5+ 48.Kxg3 Ke6 49.Ra7 Rxe5
50.Rxh7 Rb5 51.Rh1 b2  0-1

[Event "9th Asian Continental"]
[Site "Olongapo City PHI"]
[Date "2010.04.23"]
[Round "3"]
[White "Dableo,R"]
[Black "Padmini,R"]
[Result "1-0"]
[WhiteElo "2464"]
[BlackElo "2319"]

1.Nf3 d5 2.g3 Nf6 3.Bg2 g6 4.b4 Bg7 5.Bb2 O-O 6.O-O a5 7.b5 a4 8.c4 c6 9.Na3 Nbd7
10.Rb1 cxb5 11.cxd5 b4 12.Nc2 Qa5 13.Nxb4 Nxd5 14.Nxd5 Qxd5 15.Bxg7 Kxg7
16.Qc2 Nf6 17.a3 Qh5 18.Rb4 Qa5 19.Qb2 Rd8 20.d3 Ra6 21.Ne5 Re6 22.Rb5 Qa6
23.Rc1 Kg8 24.Bf3 Ne8 25.Bd5 Nd6 26.Bxe6 Bxe6 27.Rbc5 Bb3 28.Rc7 f6 29.Nd7 Qa5
30.R1c5 b5 31.Qa1 Ne8 32.Rc8 Nd6 33.Qc3  1-0

[Event "ch-SRB w"]
[Site "Pancevo SRB"]
[Date "2010.04.25"]
[Round "6"]
[White "Stojanovic,Andj"]
[Black "Tadic,Ka"]
[Result "1-0"]
[WhiteElo "2301"]
[BlackElo "2152"]

1.Nf3 d5 2.g3 c6 3.Bg2 g6 4.O-O Bg7 5.d3 Nf6 6.Nbd2 O-O 7.e4 dxe4 8.dxe4 Qa5
9.h3 Rd8 10.Qe2 Qh5 11.e5 Nd5 12.c4 Nb6 13.g4 Bxg4 14.hxg4 Qxg4 15.Re1 Na6
16.Qe4 Qxe4 17.Rxe4 Nc5 18.Re2 Nd3 19.Rb1 Na4 20.Nb3 Nb6 21.Na5 Nb4 22.Bd2 Nd3
23.Nxb7 Rd7 24.Na5 Rc8 25.b3 Nxe5 26.Nxe5 Bxe5 27.Rxe5 Rxd2 28.Nxc6  1-0

[Event "ch-SRB w"]
[Site "Pancevo SRB"]
[Date "2010.04.26"]
[Round "7"]
[White "Chelushkina,I"]
[Black "Petrovic,Mari"]
[Result "1-0"]
[WhiteElo "2319"]
[BlackElo "2182"]

1.g3 d5 2.Nf3 Nf6 3.Bg2 Bf5 4.b3 h6 5.Bb2 e6 6.O-O Be7 7.c4 c6 8.d3 O-O 9.Nbd2 Bh7
10.a3 a5 11.cxd5 cxd5 12.Nd4 Qb6 13.Rb1 Nc6 14.Nc2 Rac8 15.b4 axb4 16.axb4 Nd7
17.b5 Ncb8 18.Bd4 Bc5 19.Ba1 Be7 20.Nd4 Bf6 21.N2b3 Nc5 22.Nxc5 Rxc5 23.Qa4 Rfc8
24.Bh3 Nd7 25.Rfd1 Bg6 26.Bb2 R5c7 27.Ra1 Bh5 28.Ra2 Rc5 29.Re1 R5c7 30.Qb4 Nc5
31.Bf1 Bg6 32.Rea1 Kh7 33.h4 e5 34.Nb3 Nxb3 35.Qxb3 Rc5 36.Ra5 Bf5 37.e3 Be6
38.d4 exd4 39.Bxd4 Bxd4 40.Qd3+ Kg8 41.Qxd4 Qd8 42.Ra7 Rc1 43.Kh2 R1c2 44.R7a2 Bf5
45.Bg2 R2c5 46.Rb2 b6 47.Rd1 Be6 48.e4 Rc4 49.Qe5 d4 50.Bf1 R8c5 51.Qf4 g5
52.hxg5 hxg5 53.Qd2 Ra4 54.Be2 Qf6 55.Kg1 Rc3 56.Qe1 Qe5 57.Bf1 d3 58.Qd2 Bg4
59.Re1 Raa3 60.Qe3 Be6 61.Rd2 Bc4 62.Qxb6 Bxb5 63.Rb1 Bc4 64.Qd8+ Kg7 65.Rb8 Kg6
66.f4 Qc5+ 67.Kh1 gxf4 68.Qg8+ Kf6 69.Qh8+ Ke6 70.Bh3+ Kd6 71.Qf8+ Kc7 72.Qd8+ Kc6
73.Qd7+  1-0